[Event "Wroclaw Chess Festival"]
[Site "Wroclaw POL"]
[Date "2010.06.26"]
[EventDate "2010.06.26"]
[Round "1"]
[Result "1/2-1/2"]
[White "Jan-Krzysztof Duda"]
[Black "Jakub Zeberski"]
[WhiteElo "2175"]
[BlackElo "2403"]
[PlyCount "92"]

1. e4 e5 2. Nf3 Nc6 3. Bb5 a6 4. Ba4 Nf6 5. O-O Be7 6. Re1 b5
7. Bb3 d6 8. c3 O-O 9. h3 Na5 10. Bc2 c5 11. d4 Qc7 12. Nbd2
Nc6 13. d5 Nd8 14. a4 Rb8 15. Nf1 c4 16. Be3 Nb7 17. axb5 axb5
18. Ra7 Nd7 19. Qe2 Ndc5 20. Rea1 Bd7 21. Ng3 Rfc8 22. Nd2 Qd8
23. Nf5 Bxf5 24. exf5 Ra8 25. b4 cxb3 26. Nxb3 Nxb3 27. Bxb3
Rxa7 28. Rxa7 Nc5 29. Bc2 Ra8 30. Bxc5 dxc5 31. Rxa8 Qxa8
32. Qxe5 Qd8 33. Bd3 c4 34. Bf1 Bf6 35. Qe3 h6 36. Qc5 Bxc3
37. Qxb5 Be5 38. Bxc4 Bd6 39. Bf1 h5 40. Qd3 h4 41. Qe3 Qf6
42. Qe4 Bc7 43. Qe8+ Kh7 44. Qe4 Kg8 45. Bd3 Qa1+ 46. Bf1 Qf6
1/2-1/2

[Event "Wroclaw Chess Festival"]
[Site "Wroclaw POL"]
[Date "2010.06.27"]
[EventDate "2010.06.26"]
[Round "2"]
[Result "0-1"]
[White "Anna Warakomska"]
[Black "Jan-Krzysztof Duda"]
[WhiteElo "2192"]
[BlackElo "2175"]
[PlyCount "118"]

1. e4 c5 2. Nf3 d6 3. d4 cxd4 4. Nxd4 Nf6 5. Nc3 a6 6. Bg5 e6
7. f4 Qb6 8. Qd2 Qxb2 9. Rb1 Qa3 10. f5 Nc6 11. fxe6 fxe6
12. Nxc6 bxc6 13. Be2 Be7 14. e5 dxe5 15. Bxf6 Bxf6 16. Bh5+
Ke7 17. Rd1 Qc5 18. Ne4 Qd4 19. Qe2 Qb6 20. Qf3 Rb8 21. Nxf6
gxf6 22. Rf1 f5 23. Qg3 Qb4+ 24. c3 Qe4+ 25. Be2 Kf7 26. Qg5
h5 27. Rf2 f4 28. g3 Qf5 29. Qxf5+ exf5 30. gxf4 exf4 31. Rxf4
Rb2 32. Rd2 Rxd2 33. Kxd2 Rd8+ 34. Ke3 Re8+ 35. Kf2 Kf6
36. Rh4 Re5 37. Rxh5 Rc5 38. Bf3 Rxc3 39. Rh6+ Ke5 40. Bxc6
Rc2+ 41. Kf1 Rxa2 42. Rh4 f4 43. Rh5+ Kd4 44. Rd5+ Kc3 45. Rh5
Rd2 46. Bf3 Be6 47. h4 Bc4+ 48. Kg1 Kd4 49. Rh8 Ke3 50. Bb7
Bb5 51. Rh6 Rd1+ 52. Kg2 Bf1+ 53. Kh2 a5 54. Rf6 Be2 55. Rf5
a4 56. Ra5 Rd4 57. h5 f3 58. h6 f2 59. Kg3 Rg4+ 0-1

[Event "Wroclaw Chess Festival"]
[Site "Wroclaw POL"]
[Date "2010.06.28"]
[EventDate "2010.06.26"]
[Round "3"]
[Result "0-1"]
[White "Jan-Krzysztof Duda"]
[Black "Jan Krejci"]
[WhiteElo "2175"]
[BlackElo "2455"]
[PlyCount "66"]

1. e4 c5 2. Nf3 d6 3. d4 cxd4 4. Nxd4 Nf6 5. Nc3 Nc6 6. Bg5 e6
7. Qd2 a6 8. O-O-O Bd7 9. f4 h6 10. Bh4 g5 11. fxg5 Ng4
12. Be2 Nge5 13. Nf3 Be7 14. Rhg1 b5 15. Rdf1 Ng6 16. Bg3 hxg5
17. Bxd6 g4 18. Bxe7 Qxe7 19. Ne1 Nce5 20. Nd1 Rxh2 21. Ne3 g3
22. Nf3 Bc6 23. Nxh2 gxh2 24. Rh1 Rd8 25. Qc3 b4 26. Qe1 Qg5
27. Qf2 Rd4 28. Rxh2 Rxe4 29. Kd2 Rd4+ 30. Kc1 Rf4 31. Qg1
Rxf1+ 32. Bxf1 Nf3 33. Rh5 Qg3 0-1

[Event "Wroclaw Chess Festival"]
[Site "Wroclaw POL"]
[Date "2010.06.28"]
[EventDate "2010.06.26"]
[Round "4"]
[Result "1/2-1/2"]
[White "Jaroslav Bures"]
[Black "Jan-Krzysztof Duda"]
[WhiteElo "2327"]
[BlackElo "2175"]
[PlyCount "114"]

1. e4 e5 2. Nf3 Nc6 3. Bb5 a6 4. Ba4 Nf6 5. O-O b5 6. Bb3 Be7
7. Re1 d6 8. c3 O-O 9. h3 Nb8 10. d4 Nbd7 11. Nbd2 Bb7 12. Bc2
Re8 13. Nf1 Bf8 14. Ng3 g6 15. a4 Bg7 16. d5 Qb8 17. b3 c6
18. c4 bxc4 19. bxc4 Nb6 20. Nd2 a5 21. Ngf1 Ba6 22. Ne3 Qc7
23. Ba3 Bh6 24. Bb3 Nfd7 25. Rc1 Nc5 26. Bxc5 dxc5 27. Qc2 Bc8
28. Nb1 Nd7 29. Nc3 Nb8 30. Rb1 Na6 31. Qe2 Bg7 32. Bc2 Nb4
33. Rbd1 h5 34. Bb1 Bb7 35. dxc6 Nxc6 36. Nb5 Qb8 37. Qa2 Nd4
38. Bd3 Qd8 39. Nd5 Qg5 40. Nxd4 cxd4 41. Nc7 Bf8 42. c5 Bxc5
43. Bc4 Qe7 44. Nxa8 Rxa8 45. Bd5 Bb4 46. Re2 Rc8 47. Rc2 Bc3
48. Bxb7 Qxb7 49. Re2 Rb8 50. Qc4 Qb3 51. Qxb3 Rxb3 52. Ra2
Kf8 53. Kf1 Ke7 54. Ke2 Ke6 55. Rd3 f5 56. f3 h4 57. Rd1 Kf6
1/2-1/2

[Event "Wroclaw Chess Festival"]
[Site "Wroclaw POL"]
[Date "2010.06.29"]
[EventDate "2010.06.26"]
[Round "5"]
[Result "0-1"]
[White "Jan-Krzysztof Duda"]
[Black "Laimutis Solys"]
[WhiteElo "2175"]
[BlackElo "2305"]
[PlyCount "136"]

1. e4 c6 2. d4 d5 3. Nd2 dxe4 4. Nxe4 Bf5 5. Ng3 Bg6 6. h4 h6
7. h5 Bh7 8. Nf3 Nd7 9. Bd3 Bxd3 10. Qxd3 e6 11. Bd2 Ngf6
12. O-O-O Qc7 13. Ne4 O-O-O 14. Kb1 Nxe4 15. Qxe4 Nf6 16. Qe2
c5 17. Rh4 Rd5 18. Bf4 Bd6 19. c4 Rf5 20. Bxd6 Qxd6 21. Ne5
Qc7 22. f4 Nd7 23. Nxd7 Qxd7 24. dxc5 Qc7 25. Rg4 Rxf4
26. Rxg7 Rd8 27. Rxd8+ Qxd8 28. a3 Qd4 29. Rg8+ Kc7 30. Qc2
Qxc5 31. Rg3 Rxc4 32. Qd2 Rf4 33. Qe2 Qd5 34. Rc3+ Kd7 35. Kc1
a6 36. Rc2 Qe4 37. Qxe4 Rxe4 38. Rd2+ Kc6 39. Rd8 Rh4 40. Rf8
f5 41. Rf6 Rxh5 42. Rxe6+ Kd7 43. Re2 Rg5 44. Kd2 Rg3 45. Kc2
Kd6 46. Kd2 h5 47. Kc2 h4 48. Kd2 Kd5 49. Kc2 b5 50. Kd2 a5
51. Kc2 a4 52. Kd2 Kd4 53. Kc2 Re3 54. Rf2 Ke4 55. Kd2 f4
56. Kc2 Kf5 57. Kd1 Kg4 58. Rc2 Kg3 59. Rd2 f3 60. gxf3 h3
61. Rd8 h2 62. Rg8+ Kf2 63. Rh8 Re1+ 64. Kc2 h1=Q 65. Rxh1
Rxh1 66. f4 Rh5 67. Kc3 Ke3 68. b3 axb3 0-1

[Event "Wroclaw Chess Festival"]
[Site "Wroclaw POL"]
[Date "2010.06.30"]
[EventDate "2010.06.26"]
[Round "6"]
[Result "1/2-1/2"]
[White "Marta Bartel"]
[Black "Jan-Krzysztof Duda"]
[WhiteElo "2278"]
[BlackElo "2175"]
[PlyCount "75"]

1. Nf3 Nf6 2. g3 d5 3. Bg2 c5 4. O-O Nc6 5. d4 Bg4 6. Ne5 cxd4
7. Nxg4 Nxg4 8. c3 Qd7 9. cxd4 f5 10. Nc3 e6 11. f3 Nf6
12. Be3 Bd6 13. Bf2 O-O 14. Qb3 Bb4 15. Rac1 Rac8 16. Rc2 Qe7
17. a3 Bxc3 18. Rxc3 Na5 19. Qc2 Rxc3 20. Qxc3 Nc4 21. e4 fxe4
22. fxe4 Rc8 23. exd5 exd5 24. Re1 Qd7 25. Qb4 Ne4 26. Bxe4
dxe4 27. Rxe4 Qc6 28. Qe7 Qd5 29. Qe6+ Qxe6 30. Rxe6 Nxb2
31. d5 Kf7 32. Bxa7 Nc4 33. Re4 Nxa3 34. d6 Nb5 35. Re7+ Kf6
36. Rxb7 Nxa7 37. Rxa7 Rd8 38. d7 1/2-1/2

[Event "Wroclaw Chess Festival"]
[Site "Wroclaw POL"]
[Date "2010.06.30"]
[EventDate "2010.06.26"]
[Round "7"]
[Result "1-0"]
[White "Zbigniew Strzemiecki"]
[Black "Jan-Krzysztof Duda"]
[WhiteElo "2381"]
[BlackElo "2175"]
[PlyCount "107"]

1. e4 e5 2. Nf3 Nc6 3. Bc4 Bc5 4. c3 Nf6 5. d4 exd4 6. e5 d5
7. Bb5 Ne4 8. cxd4 Bb4+ 9. Bd2 Nxd2 10. Nbxd2 O-O 11. Bxc6
bxc6 12. O-O c5 13. a3 Bxd2 14. Qxd2 Bg4 15. dxc5 Bxf3
16. gxf3 Qd7 17. Qd3 a5 18. b4 c6 19. Rfb1 f6 20. e6 Qxe6
21. b5 f5 22. b6 Qe7 23. Qe3 Qxe3 24. fxe3 Rab8 25. Rd1 Rfe8
26. Kf2 Kf7 27. Rd4 Re7 28. h4 Kf6 29. Rb1 Ke5 30. Ra4 Ra8
31. Rg1 Kf6 32. Rd1 Ke5 33. Kg3 Rf7 34. Rdd4 g6 35. Rd1 Rd7
36. Kf2 Rf7 37. Rg1 Rg7 38. Ke2 Kf6 39. Rd4 Re7 40. Rgd1 a4
41. Rb4 Ke5 42. Rdd4 Rb7 43. Rxa4 Rab8 44. Ra6 Ke6 45. Rda4 h6
46. Ra7 Rxa7 47. Rxa7 f4 48. a4 Ke5 49. Re7+ Kf5 50. a5 fxe3
51. a6 d4 52. Rd7 Ke5 53. a7 Ra8 54. b7 1-0

[Event "Wroclaw Chess Festival"]
[Site "Wroclaw POL"]
[Date "2010.07.01"]
[EventDate "2010.06.26"]
[Round "8"]
[Result "1-0"]
[White "Jan-Krzysztof Duda"]
[Black "Rasmus Svane"]
[WhiteElo "2175"]
[BlackElo "2206"]
[PlyCount "85"]

1. e4 e6 2. d4 d5 3. Nc3 Nf6 4. Bg5 Bb4 5. e5 h6 6. Bd2 Bxc3
7. bxc3 Ne4 8. Qg4 Kf8 9. Bd3 Nxd2 10. Kxd2 c5 11. Nf3 c4
12. Be2 b5 13. h4 Nc6 14. a3 Bd7 15. h5 a5 16. Qf4 Be8 17. g4
Qe7 18. Rhg1 f6 19. g5 hxg5 20. Rxg5 f5 21. Nh4 Rb8 22. Rag1
Rh7 23. Ng6+ Bxg6 24. Rxg6 Ke8 25. h6 gxh6 26. Rxh6 Kd7
27. Rgg6 Rxh6 28. Qxh6 Rf8 29. Rxe6 Qxe6 30. Qxf8 b4 31. axb4
axb4 32. Qf6 bxc3+ 33. Kxc3 Nd8 34. Bf3 Nc6 35. Qxe6+ Kxe6
36. Bg2 f4 37. Bf3 Nd8 38. Kb4 Nb7 39. Kb5 Nd8 40. Bg4+ Ke7
41. Kc5 Nb7+ 42. Kxd5 Na5 43. c3 1-0

[Event "World Junior Championship"]
[Site "Chotowa POL"]
[Date "2010.08.05"]
[EventDate "2010.08.03"]
[Round "3"]
[Result "1-0"]
[White "Mateusz Bobula"]
[Black "Jan-Krzysztof Duda"]
[WhiteElo "2387"]
[BlackElo "2175"]
[PlyCount "143"]

1. d4 Nf6 2. c4 e6 3. Nf3 d5 4. Bg5 c6 5. e3 Nbd7 6. Nc3 Qa5
7. Nd2 Bb4 8. Qc2 dxc4 9. Bxf6 Nxf6 10. Nxc4 Qc7 11. a3 Be7
12. Be2 O-O 13. O-O Rd8 14. Rfd1 Bd7 15. b4 Be8 16. Rac1 Rac8
17. e4 Qb8 18. e5 Nd5 19. Ne4 Rc7 20. Nc5 Bd7 21. Qe4 Bc8
22. Bd3 g6 23. Qf3 b6 24. Ne4 Ba6 25. Ne3 Qc8 26. Bxa6 Qxa6
27. Ng4 h5 28. Ngf6+ Nxf6 29. Nxf6+ Bxf6 30. exf6 Rcd7
31. Rxc6 Rxd4 32. Rxd4 Rxd4 33. h3 Rd5 34. Rc7 Qd3 35. Qxd3
Rxd3 36. Rxa7 g5 37. a4 Rd1+ 38. Kh2 Rd4 39. b5 Rf4 40. a5
bxa5 41. b6 Kh7 42. Rxa5 Rb4 43. Rxg5 Kh6 44. Rg7 Rxb6
45. Rxf7 Kg6 46. Rf8 Rb5 47. g3 Ra5 48. Kg2 Ra3 49. h4 Rb3
50. Rg8+ Kxf6 51. Rg5 Rb2 52. Rxh5 Ra2 53. Rb5 Rc2 54. g4 Ra2
55. Kg3 Ra4 56. h5 Ra3+ 57. f3 e5 58. Rb6+ Kf7 59. g5 e4
60. Rf6+ Kg7 61. Kg4 exf3 62. Rxf3 Ra4+ 63. Rf4 Ra1 64. h6+
Kg6 65. Rf6+ Kh7 66. Rf7+ Kg8 67. Rg7+ Kf8 68. Kf5 Ra5+
69. Kg6 Ra6+ 70. Kh5 Ra1 71. g6 Rg1 72. Ra7 1-0

[Event "World Junior Championship"]
[Site "Chotowa POL"]
[Date "2010.08.06"]
[EventDate "2010.08.03"]
[Round "4"]
[Result "1/2-1/2"]
[White "Jan-Krzysztof Duda"]
[Black "Hrair Simonian"]
[WhiteElo "2175"]
[BlackElo "2494"]
[PlyCount "148"]

1. e4 c5 2. Nf3 e6 3. d4 cxd4 4. Nxd4 a6 5. Bd3 Bc5 6. Nb3 Ba7
7. Qe2 d6 8. Be3 Bxe3 9. Qxe3 Nf6 10. Nc3 Nc6 11. g4 Nxg4
12. Qg3 e5 13. h3 Nf6 14. Qxg7 Rg8 15. Qh6 Rg6 16. Qe3 Be6
17. O-O-O Nh5 18. Nd5 Rc8 19. Kb1 Ne7 20. Qf3 Bxd5 21. Qxh5
Bxb3 22. axb3 Rf6 23. f4 Rxf4 24. Qxh7 Ng6 25. Bc4 Qf6
26. Rhg1 Ke7 27. Bxf7 Qxf7 28. Qxg6 Qxg6 29. Rxg6 Rd8 30. Rg7+
Ke6 31. Rxb7 Rxe4 32. Rb6 Rh4 33. c4 Rxh3 34. c5 e4 35. cxd6
Rd3 36. Rxd3 exd3 37. Rxa6 Rc8 38. d7+ Kxd7 39. Ra4 Rh8
40. Rd4+ Kc6 41. Rxd3 Kb5 42. Rd4 Rh3 43. Ka2 Rh1 44. Rg4 Rf1
45. Rg8 Rh1 46. Rb8+ Kc5 47. Rc8+ Kb5 48. Rg8 Rf1 49. Rg4 Rh1
50. Rg8 Rf1 51. Rb8+ Kc5 52. b4+ Kc4 53. b5 Rf3 54. b6 Kb5
55. b7 Kb6 56. Rh8 Kxb7 57. Rh6 Rg3 58. b3 Rg2+ 59. Ka3 Rg4
60. b4 Rg3+ 61. Ka4 Rg5 62. Rd6 Rh5 63. Rd8 Rg5 64. Rd7+ Kb6
65. Rd6+ Kb7 66. Kb3 Rg3+ 67. Ka4 Rg5 68. Rh6 Rf5 69. Kb3 Rg5
70. Kc4 Rg4+ 71. Kb5 Rg5+ 72. Ka4 Rf5 73. b5 Rf1 74. Ka5 Ra1+
1/2-1/2

[Event "World Junior Championship"]
[Site "Chotowa POL"]
[Date "2010.08.07"]
[EventDate "2010.08.03"]
[Round "5"]
[Result "1-0"]
[White "Danyyil Dvirnyy"]
[Black "Jan-Krzysztof Duda"]
[WhiteElo "2457"]
[BlackElo "2175"]
[PlyCount "59"]

1. e4 e5 2. Nf3 Nc6 3. Nc3 Nf6 4. g3 Bc5 5. Bg2 d6 6. d3 h6
7. Na4 Bg4 8. h3 Be6 9. Nxc5 dxc5 10. b3 Qd6 11. Bb2 Nd7
12. O-O O-O 13. Nh4 b6 14. f4 f6 15. Rf2 Nd4 16. c3 Nc6
17. Nf5 Bxf5 18. exf5 Rad8 19. Be4 exf4 20. gxf4 Ne7 21. Qh5
Kh8 22. Kh1 Rg8 23. Rg1 Rdf8 24. c4 Kh7 25. Rg4 Nb8 26. Rfg2
Qd7 27. Rh4 Kh8 28. Rxg7 Kxg7 29. Rg4+ Kh7 30. Rg6 1-0

[Event "World Junior Championship"]
[Site "Chotowa POL"]
[Date "2010.08.09"]
[EventDate "2010.08.03"]
[Round "6"]
[Result "0-1"]
[White "Jan-Krzysztof Duda"]
[Black "Teodor Anton"]
[WhiteElo "2175"]
[BlackElo "2350"]
[PlyCount "150"]

1. e4 c5 2. Nf3 d6 3. d4 cxd4 4. Nxd4 Nf6 5. Nc3 a6 6. Be2 e6
7. O-O Nc6 8. Be3 Be7 9. a4 Qc7 10. Kh1 O-O 11. f4 Re8 12. Qd2
Nd7 13. Rad1 Nxd4 14. Bxd4 b6 15. f5 Bf8 16. fxe6 fxe6 17. Bh5
Re7 18. Be3 g6 19. Bg5 gxh5 20. Nd5 exd5 21. Qxd5+ Kh8
22. Bxe7 Bxe7 23. Qxa8 Ne5 24. Qd5 Bb7 25. Qd2 Bxe4 26. Qh6
Qb8 27. Rd2 Qg8 28. Qxh5 Qg6 29. Qh3 Kg7 30. c3 h5 31. Rdf2 h4
32. Kg1 d5 33. b4 a5 34. Qc8 Qg5 35. Qe8 Bg6 36. Qb5 Bd3
37. Qxd5 Bxf1 38. Rxf1 axb4 39. cxb4 Bxb4 40. Kh1 Be7 41. Qb5
Bc5 42. Qb3 Ng4 43. Qf7+ Kh6 44. h3 Ne5 45. Qf6+ Qxf6
46. Rxf6+ Kg5 47. Rf1 Nd3 48. Rf3 Nf2+ 49. Kh2 Ne4 50. Kh1 Bd4
51. Ra3 Bc5 52. Rf3 Ng3+ 53. Kh2 Kg6 54. Rf4 Bg1+ 55. Kxg1
Ne2+ 56. Kf2 Nxf4 57. Kf3 Kf5 58. g3 hxg3 59. Kxg3 Ne6 60. Kf3
Nc5 61. a5 bxa5 62. Ke3 a4 63. Kd4 Kg5 64. Kc3 Kh4 65. Kb4
Kxh3 66. Ka3 Kg4 67. Kb4 Kf4 68. Ka3 Ke4 69. Kb4 Kd4 70. Ka3
Kc3 71. Ka2 Kb4 72. Kb2 Nd3+ 73. Ka2 a3 74. Ka1 Kb3 75. Kb1
Nb4 0-1

[Event "World Junior Championship"]
[Site "Chotowa POL"]
[Date "2010.08.10"]
[EventDate "2010.08.03"]
[Round "7"]
[Result "1/2-1/2"]
[White "Jan Gora"]
[Black "Jan-Krzysztof Duda"]
[WhiteElo "1848"]
[BlackElo "2175"]
[PlyCount "83"]

1. e4 c5 2. a3 Nc6 3. b4 cxb4 4. axb4 Nxb4 5. c3 Nc6 6. d4 d5
7. exd5 Qxd5 8. Na3 e6 9. Nb5 Qd8 10. Bf4 e5 11. Bg3 Bd6
12. Bc4 Nge7 13. dxe5 Bb8 14. Nd6+ Bxd6 15. exd6 Nf5 16. Qe2+
Kf8 17. Rd1 Bd7 18. Nf3 Qe8 19. O-O Qxe2 20. Bxe2 f6 21. Bc4
g5 22. Nd2 Kg7 23. Ne4 b6 24. Rfe1 Rhe8 25. f3 Nxg3 26. hxg3
h6 27. g4 Rac8 28. Ba6 Rcd8 29. c4 Re5 30. Kf2 Nb4 31. Bb7 Rb8
32. Bd5 Rc8 33. Ng3 Rxe1 34. Kxe1 Nxd5 35. cxd5 Kf7 36. Kf1
Rc5 37. Ne4 Ra5 38. Rc1 Rxd5 39. Rc7 Ke6 40. Rxa7 f5 41. gxf5+
Rxf5 42. Rb7 1/2-1/2

[Event "World Junior Championship"]
[Site "Chotowa POL"]
[Date "2010.08.11"]
[EventDate "2010.08.03"]
[Round "8"]
[Result "1-0"]
[White "Jan-Krzysztof Duda"]
[Black "Pawel Parol"]
[WhiteElo "2175"]
[BlackElo "1764"]
[PlyCount "109"]

1. e4 c6 2. d4 d5 3. Nc3 dxe4 4. Nxe4 Bf5 5. Ng3 Bg6 6. h4 h6
7. Nf3 Nd7 8. h5 Bh7 9. Bd3 Bxd3 10. Qxd3 e6 11. Bd2 Ngf6
12. O-O-O Qc7 13. Ne4 O-O-O 14. c4 Nxe4 15. Qxe4 Nf6 16. Qe2
c5 17. Be3 cxd4 18. Nxd4 a6 19. Kb1 Bc5 20. Nb3 Bxe3 21. Qxe3
Rxd1+ 22. Rxd1 Rd8 23. Rc1 Ng4 24. Qf3 Ne5 25. Qc3 Qd6 26. f4
Qd3+ 27. Qxd3 Nxd3 28. Rf1 f6 29. g3 b6 30. a3 Kc7 31. Kc2 Nc5
32. Nxc5 bxc5 33. Re1 Re8 34. b4 Kc6 35. Kb3 Re7 36. Ka4 Kb6
37. Rd1 e5 38. Rd6+ Kb7 39. b5 axb5+ 40. Kxb5 e4 41. Rd2 f5
42. Kxc5 Re6 43. Rb2+ Kc7 44. Kd5 Rd6+ 45. Ke5 Rd3 46. Kxf5
Rxa3 47. g4 Rg3 48. Rb5 Rc3 49. Re5 Rxc4 50. Rxe4 Rxe4
51. Kxe4 Kd6 52. Kf5 Ke7 53. Kg6 Kf8 54. f5 Kg8 55. f6 1-0

[Event "World Junior Championship"]
[Site "Chotowa POL"]
[Date "2010.08.13"]
[EventDate "2010.08.03"]
[Round "10"]
[Result "1-0"]
[White "Jan-Krzysztof Duda"]
[Black "Berik Akkozov"]
[WhiteElo "2175"]
[BlackElo "2328"]
[PlyCount "61"]

1. e4 c5 2. Nf3 d6 3. d4 cxd4 4. Nxd4 Nf6 5. Nc3 Nc6 6. Bg5
Bd7 7. Be2 Qa5 8. Bxf6 gxf6 9. O-O Rg8 10. Nd5 Qd8 11. Re1 e6
12. Bh5 Rg5 13. c4 Nxd4 14. Qxd4 Bg7 15. Nf4 Qa5 16. Qd1 Bh6
17. Bf3 Ke7 18. g3 Rc8 19. Bg2 b5 20. a3 Qb6 21. Qf3 Re5
22. Nh5 f5 23. exf5 Bc6 24. Qd3 Bxg2 25. f6+ Ke8 26. Rxe5 dxe5
27. Ng7+ Bxg7 28. fxg7 Ke7 29. Kxg2 Qc6+ 30. Kg1 e4 31. Qe3
1-0

[Event "World Junior Championship"]
[Site "Chotowa POL"]
[Date "2010.08.14"]
[EventDate "2010.08.03"]
[Round "11"]
[Result "0-1"]
[White "Wouter Spoelman"]
[Black "Jan-Krzysztof Duda"]
[WhiteElo "2580"]
[BlackElo "2175"]
[PlyCount "104"]

1. d4 d5 2. c4 c6 3. Nf3 e6 4. e3 Nf6 5. b3 Bd6 6. Bb2 O-O
7. Nbd2 Nbd7 8. Bd3 Qe7 9. Ne5 c5 10. O-O cxd4 11. exd4 Ba3
12. Bxa3 Qxa3 13. Re1 b6 14. cxd5 Nxd5 15. Ne4 N7f6 16. Qf3
Ba6 17. Nc4 Qe7 18. Qg3 Nb4 19. Nxf6+ Qxf6 20. Be4 Rad8
21. Ne5 Nd5 22. Rac1 Nf4 23. Qe3 Rc8 24. Bf3 Rfd8 25. Rxc8
Rxc8 26. Rc1 Rxc1+ 27. Qxc1 g5 28. Qc7 Qf5 29. h3 Be2 30. Be4
Qf6 31. Qxa7 Bh5 32. Nd7 Qe7 33. Qb8+ Kg7 34. Nxb6 Qb4 35. Kh2
Qxd4 36. Bc6 Qxf2 37. Nd7 Ng6 38. a4 e5 39. Qb4 Bd1 40. a5 h5
41. Qc3 g4 42. Qg3 Qd4 43. a6 h4 44. Qe1 g3+ 45. Kh1 Be2
46. Nb8 e4 47. Bxe4 Qxe4 48. a7 Bf3 49. Qg1 Nf4 50. a8=Q Qxa8
51. Qd4+ Kg6 52. Qd6+ f6 0-1

[Event "World Junior Championship"]
[Site "Chotowa POL"]
[Date "2010.08.16"]
[EventDate "2010.08.03"]
[Round "13"]
[Result "1-0"]
[White "Andrey Baryshpolets"]
[Black "Jan-Krzysztof Duda"]
[WhiteElo "2450"]
[BlackElo "2175"]
[PlyCount "81"]

1. d4 Nf6 2. Nf3 d5 3. c4 e6 4. Nc3 c6 5. Bg5 h6 6. Bxf6 Qxf6
7. Qb3 dxc4 8. Qxc4 Nd7 9. O-O-O g6 10. e3 Bg7 11. h4 O-O
12. h5 g5 13. Bd3 Rd8 14. Bc2 Qe7 15. Ne4 Rb8 16. Kb1 Nb6
17. Qe2 Nd5 18. Ne5 c5 19. g3 cxd4 20. exd4 Nb4 21. f4 g4
22. Nc3 Nc6 23. Qe3 f5 24. d5 Nxe5 25. fxe5 b5 26. d6 Qb7
27. Rhe1 Qb6 28. Qf4 b4 29. Ne2 Kh8 30. Nd4 b3 31. Bxb3 Bd7
32. Re2 Re8 33. Rc1 Rb7 34. Rc4 Qa6 35. Rec2 Qa5 36. Rc5 Qb4
37. a3 Qb6 38. Rc7 Rxc7 39. Rxc7 Rd8 40. Bxe6 Bxe6 41. Rxg7
1-0

[Event "WYCC Open U12"]
[Site "Porto Carras"]
[Date "2010.10.20"]
[EventDate "2010.10.20"]
[Round "1.2"]
[Result "0-1"]
[White "Dachey Lin"]
[Black "Jan-Krzysztof Duda"]
[WhiteElo "1805"]
[BlackElo "2247"]
[PlyCount "94"]

1. d4 d5 2. c4 e6 3. Nf3 c6 4. Nc3 dxc4 5. a4 Bb4 6. e4 Nf6
7. Bg5 Bxc3+ 8. bxc3 Qa5 9. e5 Ne4 10. Bd2 Nxd2 11. Qxd2 Qd5
12. Be2 O-O 13. O-O Na6 14. Qe3 Nc7 15. Nd2 b6 16. Bxc4 Qd8
17. Ne4 Ba6 18. Bxa6 Nxa6 19. Qg3 Kh8 20. f4 c5 21. Nd6 cxd4
22. cxd4 f5 23. Rac1 Nb4 24. Rc4 Nd5 25. Rfc1 Qd7 26. Qf3 h6
27. h4 a6 28. Rc6 Rab8 29. g3 b5 30. Qb3 Qa7 31. R1c5 bxa4
32. Qxa4 Rb1+ 33. Kg2 Rb2+ 34. Kg1 Qb8 35. Rc8 Rb1+ 36. Kh2
Qb2+ 37. Qc2 Qa1 38. Rxf8+ Kh7 39. Qe2 Ne3 40. Rh8+ Kxh8
41. Nf7+ Kg8 42. Nxh6+ Kh7 43. Qf3 Kxh6 44. g4 Rb2+ 45. Kh3
fxg4+ 46. Qxg4 Qh1+ 47. Kg3 Nf1# 0-1

[Event "WYCC Open U12"]
[Site "Porto Carras"]
[Date "2010.10.21"]
[EventDate "2010.10.20"]
[Round "2.2"]
[Result "1-0"]
[White "Jan-Krzysztof Duda"]
[Black "Cristhian Barros Rivadeneira"]
[WhiteElo "2247"]
[BlackElo "1946"]
[PlyCount "79"]

1. e4 e5 2. Nf3 Nf6 3. Nxe5 d6 4. Nf3 Nxe4 5. d4 d5 6. Bd3 Bd6
7. O-O O-O 8. c4 c6 9. Qc2 Bf5 10. Nc3 Na6 11. a3 Bg4 12. Bxe4
dxe4 13. Qxe4 Bxf3 14. Qxf3 Be7 15. Be3 Qd7 16. Rad1 Nc7
17. h3 Rfd8 18. Rfe1 Bf8 19. Bg5 Re8 20. Rxe8 Rxe8 21. Qg4 f5
22. Qf3 h6 23. Be3 g6 24. d5 c5 25. h4 h5 26. Bf4 Bd6 27. Bxd6
Qxd6 28. Qg3 Qxg3 29. fxg3 Rd8 30. Kf2 Kf7 31. Ke3 Kf6 32. Rb1
b6 33. b4 Na6 34. Kd3 Rd7 35. Ne2 cxb4 36. axb4 b5 37. Nf4 Nc7
38. Ra1 bxc4+ 39. Kxc4 Na8 40. Re1 1-0

[Event "WYCC Open U12"]
[Site "Porto Carras"]
[Date "2010.10.22"]
[EventDate "2010.10.20"]
[Round "3.1"]
[Result "0-1"]
[White "Yi Ye Wang"]
[Black "Jan-Krzysztof Duda"]
[WhiteElo "2011"]
[BlackElo "2247"]
[PlyCount "72"]

1. e4 e5 2. Nf3 Nc6 3. Bc4 Bc5 4. c3 Nf6 5. d4 exd4 6. cxd4
Bb4+ 7. Nc3 Nxe4 8. O-O Bxc3 9. d5 Ne5 10. bxc3 Nxc4 11. Qd4
O-O 12. Qxe4 Nd6 13. Qd4 Re8 14. Bb2 Re4 15. Qd3 b6 16. Nd2
Re8 17. c4 Ba6 18. Rae1 Qg5 19. f4 Qf5 20. Qd4 f6 21. Ba3 Nf7
22. Ne4 c5 23. dxc6 dxc6 24. Qd3 Rad8 25. Qc2 c5 26. Bb2 Nd6
27. Qa4 Nxe4 28. Qxa6 Nd2 29. Qa4 Qh5 30. Rxe8+ Rxe8 31. Rd1
Qe2 32. h3 Re3 33. Kh1 h6 34. Bc1 Rxh3+ 35. gxh3 Nf3 36. Rd8+
Kh7 0-1

[Event "WYCC Open U12"]
[Site "Porto Carras"]
[Date "2010.10.23"]
[EventDate "2010.10.20"]
[Round "4.1"]
[Result "1-0"]
[White "Jan-Krzysztof Duda"]
[Black "Bilel Bellahcene"]
[WhiteElo "2247"]
[BlackElo "2152"]
[PlyCount "81"]

1. e4 c5 2. Nf3 Nc6 3. d4 cxd4 4. Nxd4 Nf6 5. Nc3 e5 6. Ndb5
d6 7. Bg5 a6 8. Na3 b5 9. Nd5 Be7 10. Bxf6 Bxf6 11. c3 Ne7
12. Nxf6+ gxf6 13. Be2 Bb7 14. Bf3 O-O 15. Nc2 Kh8 16. Ne3 Qd7
17. Bg4 Qc6 18. Qf3 d5 19. exd5 Qd6 20. Bf5 Rg8 21. Rd1 Rg7
22. O-O Rag8 23. g3 Rg5 24. b3 Bc8 25. Bxc8 Rxc8 26. c4 f5
27. Qe2 f4 28. Ng2 bxc4 29. bxc4 Rcg8 30. Rfe1 Qf6 31. Qe4 Qb6
32. Rb1 Qc5 33. Nxf4 exf4 34. Qxe7 Qxc4 35. Qf6+ R5g7 36. d6
fxg3 37. hxg3 Qd5 38. Rbd1 Qc6 39. Rc1 Qb6 40. Rc7 Rf8
41. Rxf7 1-0

[Event "WYCC Open U12"]
[Site "Porto Carras"]
[Date "2010.10.24"]
[EventDate "2010.10.20"]
[Round "5.1"]
[Result "0-1"]
[White "Vahap Sanal"]
[Black "Jan-Krzysztof Duda"]
[WhiteElo "2170"]
[BlackElo "2247"]
[PlyCount "76"]

1. e4 e5 2. Nf3 Nc6 3. Bb5 a6 4. Ba4 Nf6 5. O-O Be7 6. Re1 b5
7. Bb3 d6 8. c3 O-O 9. h3 Nb8 10. d4 Nbd7 11. Nbd2 Bb7 12. Bc2
Re8 13. Nf1 Bf8 14. Ng3 g6 15. b3 c6 16. Be3 Qc7 17. Qd2 Rad8
18. Bg5 Bg7 19. Rad1 Nf8 20. b4 Ne6 21. Be3 a5 22. Ng5 Nxg5
23. Bxg5 axb4 24. cxb4 exd4 25. Qxd4 c5 26. Qc3 Nxe4 27. Bxd8
Rxd8 28. Qe3 Bd4 29. Rxd4 cxd4 30. Qd3 Nxg3 31. fxg3 Qc4
32. Re7 Bd5 33. a3 Rc8 34. Re2 Qc3 35. Kf2 Bc4 36. Qxc3 dxc3
37. Re3 d5 38. Rf3 d4 0-1

[Event "WYCC Open U12"]
[Site "Porto Carras"]
[Date "2010.10.26"]
[EventDate "2010.10.20"]
[Round "7.1"]
[Result "1-0"]
[White "Kayden W Troff"]
[Black "Jan-Krzysztof Duda"]
[WhiteElo "2216"]
[BlackElo "2247"]
[PlyCount "119"]

1. d4 Nf6 2. c4 e6 3. Nf3 d5 4. g3 dxc4 5. Bg2 Bd7 6. Ne5 Bc6
7. Nxc6 Nxc6 8. O-O Qd7 9. e3 O-O-O 10. Qa4 Nd5 11. Qxc4 h5
12. Nc3 h4 13. a4 hxg3 14. fxg3 Bb4 15. Na2 Bd6 16. Nc3 Rh5
17. Bf3 Nb6 18. Qe2 Rg5 19. Ne4 Ra5 20. Nxd6+ Qxd6 21. b3 f5
22. Ba3 Qd7 23. Bc5 Nd5 24. Qe1 Rxc5 25. dxc5 Ne5 26. e4 Nd3
27. Qd2 N5b4 28. Qc3 f4 29. Be2 fxg3 30. hxg3 Qc6 31. Qc4
Qxc5+ 32. Qxc5 Nxc5 33. Bc4 b6 34. Rad1 Rxd1 35. Rxd1 e5
36. g4 Nxe4 37. Re1 Ng5 38. Kg2 e4 39. Kg3 Nc2 40. Rd1 c5
41. Rd5 Nf3 42. Kf4 Ncd4 43. Ke3 Kc7 44. Kxe4 g5 45. b4 Kc6
46. Bb5+ Kb7 47. bxc5 bxc5 48. Rxc5 Ne6 49. Rc6 Nd2+ 50. Ke3
Nf1+ 51. Kf2 Nd4 52. Rd6 Nxb5 53. axb5 Nh2 54. Rd4 Kb6 55. Kg2
Kc5 56. Re4 Nxg4 57. Rxg4 Kxb5 58. Kf2 a5 59. Ke2 a4 60. Kd2
1-0

[Event "WYCC Open U12"]
[Site "Porto Carras"]
[Date "2010.10.27"]
[EventDate "2010.10.20"]
[Round "8.2"]
[Result "1-0"]
[White "Jan-Krzysztof Duda"]
[Black "Mohammad Nubairshah Shaikh"]
[WhiteElo "2247"]
[BlackElo "2071"]
[PlyCount "63"]

1. e4 c6 2. d4 d5 3. e5 c5 4. Nf3 Nc6 5. dxc5 Bg4 6. Be3 d4
7. Bf4 e6 8. Nbd2 Bxc5 9. Bd3 Nge7 10. h3 Ng6 11. hxg4 Nxf4
12. Kf1 Qc7 13. g3 Nxd3 14. cxd3 Rd8 15. Rc1 Rd5 16. Ne4 Qb6
17. Qd2 Be7 18. Rh5 Qa5 19. Qf4 Qb5 20. Nfg5 Qxd3+ 21. Kg2 Nd8
22. Nxh7 Rg8 23. Rc7 Rd7 24. Rc8 Rd5 25. Rh1 Qb5 26. Nhg5 Rf8
27. Nf3 d3 28. g5 a6 29. Rhc1 Qxb2 30. R1c7 Rd7 31. g6 fxg6
32. Qg4 1-0